Central Library OPAC University of Rajshahi

الجامع الصحيح وهو سنن الترمذي ;; al-Jāmiʿ al-Ṣaḥīḥ wa-huwa Sunan al-Tirmidhī / (Record no. 78135)

MARC details
000 -LEADER
fixed length control field 01279nam a2200277 a 4500
001 - CONTROL NUMBER
control field 78135
003 - CONTROL NUMBER IDENTIFIER
rucl marc code BD-RjUL
005 - DATE AND TIME OF LATEST TRANSACTION
control field 20211209083107.0
008 - FIXED-LENGTH DATA ELEMENTS--GENERAL INFORMATION
fixed length control field 210325s19371356ua 000 0 ara d
035 ## - SYSTEM CONTROL NUMBER
System control number (BD-RjUL)78361
040 ## - CATALOGING SOURCE
Original cataloging agency UkOxU
Transcribing agency UkOxU
Language of cataloging eng
041 ## - LANGUAGE CODE
Language code of text/sound track or separate title ara
066 ## - CHARACTER SETS PRESENT
Alternate G0 or G1 character set (3
082 ## - DEWEY DECIMAL CLASSIFICATION NUMBER
Edition number 23
Classification number 297.125
Author mark and year TIJ 1937[1356]
100 1# - MAIN ENTRY--PERSONAL NAME
Personal name ترمذي، محمد ابن عيسى.;; Tirmidhī, Muḥammad ibn ʿĪsá,لأبي عيسى محمد بن عيسى بن سورة ؛ تحقيق محمد فؤاد عبد الباقي... [و آخ.].
Dates associated with a name -892.
9 (RLIN) 246567
245 10 - TITLE STATEMENT
Title الجامع الصحيح وهو سنن الترمذي ;; al-Jāmiʿ al-Ṣaḥīḥ wa-huwa Sunan al-Tirmidhī /
Statement of responsibility, etc. أبي عيسى محمد بن عيسى بن سورة الترمذي ;; -Abī ʿĪsá Muḥammad ibn ʿĪsá ibn Sūrah al-Tirmidhī
250 ## - EDITION STATEMENT
Edition statement al-Ṭabʿah 1.
260 ## - PUBLICATION, DISTRIBUTION, ETC. (IMPRINT)
Place of publication, distribution, etc. القاهرة : ,
Name of publisher, distributor, etc. مصطفى البابي الحلبي،
Date of publication, distribution, etc. 1937-1965 1357-1385
300 ## - PHYSICAL DESCRIPTION
Pagination v. ;
Size 25 cm.
505 ## - FORMATTED CONTENTS NOTE
Formatted contents note Vol. 2.--v.3
650 #0 - SUBJECT ADDED ENTRY--TOPICAL TERM
Topical term or geographic name as entry element Hadith
Form subdivision Texts
-- Early works to 1800.
9 (RLIN) 246568
700 1# - ADDED ENTRY--PERSONAL NAME
Personal name Baqi, mohammad fawaed [ ba tahqiq]
Personal name shakir, ahmad mohammad[ ba tahqiq]
942 ## - ADDED ENTRY ELEMENTS (KOHA)
Source of classification or shelving scheme Dewey Decimal Classification
Koha item type Books
Holdings
Lost status Source of classification or shelving scheme Damaged status Not for loan Collection code Permanent Location Current Location Shelving location Date acquired Total Checkouts Full call number Date last seen Copy number Koha item type
  Dewey Decimal Classification   Not For Loan Non-fiction Central Library, University of Rajshahi Central Library, University of Rajshahi Reading Room 25/03/2021   A 297.125 TIJ V-2 1937[1356] 25/03/2021 C-1 Books
  Dewey Decimal Classification   Not For Loan Non-fiction Central Library, University of Rajshahi Central Library, University of Rajshahi Reading Room 25/03/2021   A 297.125 TIJ V-3 1937[1356] 25/03/2021 C-1 Books
  Dewey Decimal Classification   Not For Loan Non-fiction Central Library, University of Rajshahi Central Library, University of Rajshahi Reading Room 11/01/2022   A 297.125 TIJ V-1 1937[1356] 11/01/2022 C-1 Books